000 00595nam a2200241Ia 4500
003 OSt
005 20220924141507.0
006 a|||||r|||| 00| 0
007 ta
008 220923b |||||||| |||| 00| 0 ben d
020 _c32
024 _a298404
037 _cTextual
040 _aARTS
_cARTS
_bben
041 _2ben
_aben
082 _aO157,8N36,4, M8
100 _aChattopadhyay Sanjib
245 0 _aJhakhan jyaman
260 _c1988
650 _aBENGALI LITERATURE
942 _hO157,8N36,4, M8
_cTEXL
_2CC
999 _c447426
_d447426